Are You Smarter Than a College Student? XIII Quiz Stats

 Plays Quiz Updated Oct 3, 2018

Score 0/30 Timer 07:00
12 Plays Today
% Correct
EasySOS
93.2%
EasyABBA
92.2%
EasyHannah Montana
90.5%
EasyYoko Ono
89.8%
EasyLOL
88.6%
EasyBob the Builder
86.4%
Easynoon
85.2%
EasyXIX
83.5%
EasyRADAR
83.2%
EasyEye of the Tiger
81.4%
MediumMGM
74.9%
MediumElle
74.8%
MediumAdam and Eve
72.7%
Mediumkayak
72.5%
Mediumewe
67.7%
% Correct
MediumCivic
67.5%
Mediumnaan
66.4%
MediumPop! Goes the Weasel
60%
MediumOtto
48.2%
MediumIdi Amin
45.4%
HardPip
43.3%
HardAnna Karenina
42%
HardXanax
41.2%
Hardrotator cuff
39.4%
HardTet Offensive
38.6%
HardJeremy Renner
37.5%
HardMonica Seles
37.5%
HardAddis Ababa
37.4%
Hardosso buco
20.6%
Hardecce homo
16.1%

You're not logged in!

Compare scores with friends on all Sporcle quizzes.
OR
Log In

You Might Also Like...

Show Comments

Extras

Top Quizzes Today


Score Distribution

Your Account Isn't Verified!

In order to create a playlist on Sporcle, you need to verify the email address you used during registration. Go to your Sporcle Settings to finish the process.

Report this User

Report this user for behavior that violates our Community Guidelines.

Details: